[Event "6th Porticcio Open 2019"]
[Site "Porticcio"]
[Date "2019.07.05"]
[Round "8.3"]
[White "Donchenko, Alexander"]
[Black "Vocaturo, Daniele"]
[Result "1/2-1/2"]
[WhiteElo "2618"]
[BlackElo "2612"]
[Annotator "RC"]
[PlyCount "81"]
[EventDate "2019.06.23"]
[EventType "swiss"]
[EventCountry "FRA"]
[SourceTitle "playchess.com"]
[Source "ChessBase"]
[SourceQuality "1"]
[TimeControl "5400+30"]

1. Nf3 {[%emt 0:00:00]} c5 {[%emt 0:00:00]} 2. c4 {[%emt 0:00:00]} Nc6 {[%emt 0:00:30]} 3. Nc3 {[%emt 0:00:00]} g6 {[%emt 0:01:09]} 4. e3 {[%emt 0:00:33]} Nf6 {[%emt 0:00:39]} 5. d4 {[%emt 0:00:06]} cxd4 {[%emt 0:00:07]} 6. exd4 {[%emt 0:00:05]} d5 {[%emt 0:00:24]} 7. cxd5 {[%emt 0:00:09]} Nxd5 {[%emt 0:00:07]} 8. Qb3 {[%emt 0:00:05]} Nxc3 {[%emt 0:01:36]} 9. Bc4 {[%emt 0:00:07]} e6 {[%emt 0:00:43]} 10. bxc3 {[%emt 0:00:07]} Bd7 {[%emt 0:00:15]} 11. Be2 {[%emt 0:00:16]} Na5 {[%emt 0:01:11]} 12. Qb1 {[%emt 0:00:52]} Rc8 {[%emt 0:02:06]} 13. O-O {[%emt 0:00:37]} Bg7 {[%emt 0:01:33]} 14. Ba3 {[%emt 0:22:23]} Bf8 {[%emt 0:00:18]} 15. Bb4 {[%emt 0:00:53]} Bxb4 {[%emt 0:00:59]} 16. Qxb4 {[%emt 0:00:36]} b6 {[%emt 0:00:32]} 17. d5 {[%emt 0:01:11]} Rc5 {[%emt 0:06:07]} 18. dxe6 {[%emt 0:18:18]} Bxe6 {[%emt 0:00:56]} 19. Rad1 {[%emt 0:06:11]} Qf6 {[%emt 0:04:44]} 20. Nd2 {[%emt 0:01:19]} Qxc3 {[%emt 0:09:55]} 21. Qh4 {[%emt 0:10:43]} Qe5 {[%emt 0:15:16]} 22. Nf3 {[%emt 0:07:32]} Qc7 {[%emt 0:01:04]} 23. Ng5 {[%emt 0:04:55]} Qe7 {[%emt 0:08:02]} 24. Qa4+ {[%emt 0:00:57]} Bd7 {[%emt 0:05:39]} 25. Qd4 {[%emt 0:05:43]} O-O {[%emt 0:00:53]} 26. Qxd7 {[%emt 0:00:54]} Qxd7 {[%emt 0:20:02]} 27. Rxd7 {[%emt 0:00:10]} Rxg5 {[%emt 0:00:04]} 28. Rc1 {[%emt 0:02:53]} Re5 {[%emt 0:03:17]} 29. Bf3 {[%emt 0:00:33]} Rfe8 {[%emt 0:02:03]} 30. h4 {[%emt 0:00:09]} R8e7 {[%emt 0:02:49]} 31. Rcc7 {[%emt 0:00:10]} Rxd7 {[%emt 0:00:07]} 32. Rxd7 {[%emt 0:00:02]} Kf8 {[%emt 0:00:07]} 33. Rxa7 {[%emt 0:00:18]} Nc4 {[%emt 0:00:10]} 34. Rc7 {[%emt 0:01:39]} Nd2 {[%emt 0:02:24]} 35. Bb7 {[%emt 0:00:25]} Re1+ {[%emt 0:02:12]} 36. Kh2 {[%emt 0:00:02]} Nf1+ {[%emt 0:00:33]} 37. Kg1 {[%emt 0:05:50]} Ne3+ {[%emt 0:00:18]} 38. Kh2 {[%emt 0:00:02]} Nf1+ {[%emt 0:00:05]} 39. Kg1 {[%emt 0:01:07]} Ne3+ {[%emt 0:00:07]} 40. Kh2 {[%emt 0:00:04]} Nf1+ {[%emt 0:00:07]} 41. Kg1 {[%emt 0:00:04]} 1/2-1/2

[Event "6th Porticcio Open 2019"]
[Site "Porticcio"]
[Date "2019.07.05"]
[Round "8.4"]
[White "Fedorchuk, Sergey A."]
[Black "Yankelevich, Lev"]
[Result "1/2-1/2"]
[WhiteElo "2631"]
[BlackElo "2484"]
[Annotator "TA"]
[PlyCount "117"]
[EventDate "2019.06.23"]
[EventType "swiss"]
[EventCountry "FRA"]
[SourceTitle "playchess.com"]
[Source "ChessBase"]
[SourceQuality "1"]

{[%evp 13,117,12,16,0,0,0,6,0,12,-10,24,-8,25,14,14,16,16,12,21,18,17,18,19,0,37,37,58,49,49,56,54,53,58,0,40,39,41,27,34,0,0,0,108,106,133,131,128,100,91,133,124,132,219,216,221,183,366,371,352,249,337,232,232,232,232,42,50,43,45,0,8,11,10,12,79,79,79,0,0,0,0,1,0,0,22,-6,22,22,22,22,22,22,22,22,28,22,22,22,28,28,28,0,22,0,28,0]} 1. e4 e5 2. Nf3 Nf6 3. Nxe5 d6 4. Nf3 Nxe4 5. Nc3 Nxc3 6. dxc3 Be7 7. Be3 O-O 8. h4 {C42: Petroff Defence: 3 Nxe5 and unusual White 3rd moves} Nd7 9. Qd2 Re8 10. O-O-O {The position is equal.} c6 11. Re1 $146 ({Predecessor:} 11. Bd3 d5 12. Kb1 Bc5 13. Bd4 Bxd4 14. cxd4 Nf6 15. Rde1 Ne4 {½-½ (34) Karjakin,S (2782)-Giri,A (2782) Leuven 2018}) 11... Nf6 12. Bd4 Bf5 13. Bxf6 Bxf6 14. Rxe8+ Qxe8 15. Qxd6 Bg4 {[#] ...Rd8 is the strong threat.} 16. Bd3 Bxf3 17. gxf3 Qe7 18. Qf4 Qc5 19. Qe3 Qe7 20. a3 h5 21. f4 a5 22. Qf3 Qc5 23. Qe3 Qe7 24. Kb1 Re8 25. Qa7 $40 {[%mdl 128] White attacks.} Qc7 26. Qc5 g6 27. f5 $1 {[%cal Rf5g6]} Re5 (27... b6 $1 $11 28. Qc4 b5) 28. Qa7 $16 gxf5 29. f4 Rd5 30. Qe3 Kf8 31. Rg1 Qd8 32. Qg3 Bxh4 (32... Ke7 $16 {was called for.} 33. Qf3 Qb6 34. Re1+ Kf8) 33. Qg7+ $18 ({Don't take} 33. Qg2 $6 Rxd3 34. Qg7+ (34. cxd3 Qxd3+ 35. Ka1 Ke7 $16) 34... Ke7) 33... Ke7 {[#]} 34. Rg2 $1 {Threatens to win with Bc4.} Qd7 $2 (34... Qd6 35. Re2+ Kd8) 35. Bc4 Rd1+ 36. Ka2 {aiming for Qe5+.} Re1 37. Qxf7+ Kd8 38. Qxh5 Bf6 39. Qh2 $2 (39. Rg6 $18 Be7 40. Qh8+ Kc7 41. Qa8) 39... Kc7 $14 {next ...Qd1 is good for Black.} 40. Rd2 Qe7 41. a4 Qc5 42. Qh7+ $1 Re7 43. Qg8 {[%csl Gd2][%cal Rg8d8]} Kb6 (43... Re4 $1 $11 {keeps the balance.} 44. Bb3 Rxf4) 44. Bb3 $16 {Hoping for Qg6.} Re1 45. Qg2 (45. Rd7 $16 {White threatens Qb8! and mate.} Qg1 46. Qxg1+ Rxg1 47. Rf7) 45... Qe3 $11 46. Qf2 Qxf2 47. Rxf2 {[%mdl 4096] Endgame KRB-KRB} Re4 48. Bf7 Bd8 49. Bg6 Bc7 50. Kb3 Rxf4 51. Rxf4 Bxf4 52. Bxf5 {KB-KB} Kc5 53. Bc8 b6 54. Ka3 Bc1 55. Bd7 Kd6 56. Be8 Kc5 57. Bd7 Kd6 58. Be8 Kc5 59. Bd7 {Accuracy: White = 51%, Black = 52%.} 1/2-1/2

[Event "6th Porticcio Open 2019"]
[Site "Porticcio"]
[Date "2019.07.05"]
[Round "8.5"]
[White "Kirk, Ezra"]
[Black "Krasenkow, Michal"]
[Result "0-1"]
[WhiteElo "2428"]
[BlackElo "2620"]
[Annotator "RC"]
[PlyCount "114"]
[EventDate "2019.06.23"]
[EventType "swiss"]
[EventCountry "FRA"]
[SourceTitle "playchess.com"]
[Source "ChessBase"]
[SourceQuality "1"]
[TimeControl "5400+30"]

1. e4 {[%emt 0:01:08]} c5 {[%emt 0:00:00]} 2. Nf3 {[%emt 0:00:13]} Nc6 {[%emt 0:00:00]} 3. Bb5 {[%emt 0:00:25]} e6 {[%emt 0:00:00]} 4. O-O {[%emt 0:00:43]} Nge7 {[%emt 0:00:00]} 5. d4 {[%emt 0:01:08]} cxd4 {[%emt 0:00:06]} 6. Nxd4 {[%emt 0:00:07]} Qb6 {[%emt 0:04:23]} 7. Nxc6 {[%emt 0:01:49]} bxc6 {[%emt 0:00:05]} 8. Bd3 {[%emt 0:00:06]} Ng6 {[%emt 0:00:03]} 9. c4 {[%emt 0:02:26]} Be7 {[%emt 0:00:47]} 10. Nc3 {[%emt 0:02:06]} O-O {[%emt 0:03:00]} 11. Rb1 {[%emt 0:01:31]} e5 {[%emt 0:18:20]} 12. b4 {[%emt 0:11:22]} d6 {[%emt 0:02:37]} 13. Be3 {[%emt 0:03:59]} Qc7 {[%emt 0:00:29]} 14. Qd2 {[%emt 0:01:23]} Be6 {[%emt 0:03:41]} 15. a4 {[%emt 0:09:14]} Rfc8 {[%emt 0:04:22]} 16. Rfc1 {[%emt 0:13:23]} Qd7 {[%emt 0:01:03]} 17. f3 {[%emt 0:01:54]} Bd8 {[%emt 0:05:34]} 18. Rd1 {[%emt 0:04:44]} Bb6 {[%emt 0:04:07]} 19. Bf1 {[%emt 0:02:53]} Bxe3+ {[%emt 0:02:18]} 20. Qxe3 {[%emt 0:00:22]} Qe7 {[%emt 0:00:50]} 21. a5 {[%emt 0:06:01]} h5 {[%emt 0:01:56]} 22. Qd2 {[%emt 0:06:57]} Rd8 {[%emt 0:06:13]} 23. b5 {[%emt 0:01:02]} h4 {[%emt 0:01:34]} 24. Kh1 {[%emt 0:04:16]} Rac8 {[%emt 0:03:37]} 25. b6 {[%emt 0:02:38]} axb6 {[%emt 0:00:17]} 26. axb6 {[%emt 0:00:13]} Rb8 {[%emt 0:02:11]} 27. Rb2 {[%emt 0:08:41]} Rd7 {[%emt 0:03:47]} 28. Nd5 {[%emt 0:02:41]} cxd5 {[%emt 0:03:56]} 29. cxd5 {[%emt 0:00:04]} Rdb7 30. dxe6 {[%emt 0:00:14]} Rxb6 {[%emt 0:00:31]} 31. Rxb6 {[%emt 0:01:15]} Rxb6 {[%emt 0:00:13]} 32. exf7+ {[%emt 0:03:04]} Qxf7 {[%emt 0:00:10]} 33. Qg5 {[%emt 0:01:30]} Rc6 {[%emt 0:01:03]} 34. Qd8+ {[%emt 0:01:08]} Kh7 {[%emt 0:02:23]} 35. Bb5 {[%emt 0:00:55]} Qb3 {[%emt 0:00:25]} 36. Be2 {[%emt 0:02:49]} Qc2 {[%emt 0:00:40]} 37. Qg5 {[%emt 0:03:20]} Qxe2 {[%emt 0:00:07]} 38. Ra1 {[%emt 0:00:14]} Nf8 {[%emt 0:03:26]} 39. h3 {[%emt 0:00:31]} Qf2 {[%emt 0:03:06]} 40. Kh2 {[%emt 0:00:06]} Qg3+ {[%emt 0:02:30]} 41. Qxg3 {[%emt 0:00:06]} hxg3+ {[%emt 0:00:05]} 42. Kxg3 {[%emt 0:00:05]} Rc2 {[%emt 0:01:58]} 43. Rd1 {[%emt 0:00:51]} Ne6 {[%emt 0:00:38]} 44. Rxd6 {[%emt 0:00:12]} Nf4 {[%emt 0:00:04]} 45. Kg4 {[%emt 0:00:05]} Rxg2+ {[%emt 0:00:15]} 46. Kf5 {[%emt 0:00:08]} Ng6 {[%emt 0:01:03]} 47. h4 {[%emt 0:00:29]} Rg3 {[%emt 0:00:16]} 48. f4 {[%emt 0:00:31]} Nxf4 {[%emt 0:03:50]} 49. Kxe5 {[%emt 0:00:09]} Ng6+ {[%emt 0:00:06]} 50. Kf5 {[%emt 0:00:26]} Nxh4+ {[%emt 0:00:17]} 51. Kf4 {[%emt 0:00:05]} Rg1 {[%emt 0:00:09]} 52. Rd5 {[%emt 0:01:45]} Kh6 {[%emt 0:00:36]} 53. Rd8 {[%emt 0:00:14]} g5+ {[%emt 0:00:25]} 54. Ke5 {[%emt 0:00:18]} Ng6+ {[%emt 0:00:33]} 55. Ke6 {[%emt 0:00:45]} Rg4 {[%emt 0:01:39]} 56. Rd4 {[%emt 0:01:25]} Rf4 {[%emt 0:00:08]} 57. Ra4 {[%emt 0:00:39]} g4 {[%emt 0:00:21]} 0-1

[Event "6th Porticcio Open 2019"]
[Site "Porticcio"]
[Date "2019.07.05"]
[Round "8.6"]
[White "Boyer, Mahel"]
[Black "Kovchan, Alexander"]
[Result "1-0"]
[WhiteElo "2295"]
[BlackElo "2566"]
[Annotator "ChessBase"]
[PlyCount "93"]
[EventDate "2019.06.23"]
[EventType "swiss"]
[EventCountry "FRA"]
[SourceTitle "playchess.com"]
[Source "ChessBase"]
[SourceQuality "1"]
[TimeControl "5400+30"]

1. e4 {[%emt 0:00:00]} c5 {[%emt 0:00:00]} 2. d3 {[%emt 0:00:00]} Nc6 {[%emt 0:00:50]} 3. g3 {[%emt 0:00:00]} g6 {[%emt 0:00:25]} 4. Bg2 {[%emt 0:00:00]} Bg7 {[%emt 0:00:10]} 5. f4 {[%emt 0:00:00]} e6 {[%emt 0:00:29]} 6. Nf3 {[%emt 0:00:00]} Nge7 {[%emt 0:00:08]} 7. O-O {[%emt 0:00:00]} O-O {[%emt 0:00:09]} 8. c3 {[%emt 0:00:00]} b6 {[%emt 0:00:13]} 9. Be3 {[%emt 0:00:42]} Ba6 {[%emt 0:00:10]} 10. Na3 {[%emt 0:00:13]} Rc8 {[%emt 0:01:23]} 11. Bf2 {[%emt 0:00:18]} d6 {[%emt 0:05:27]} 12. Re1 {[%emt 0:00:08]} e5 {[%emt 0:05:12]} 13. d4 {[%emt 0:09:53]} cxd4 {[%emt 0:07:24]} 14. cxd4 {[%emt 0:02:37]} exf4 {[%emt 0:01:12]} 15. gxf4 {[%emt 0:00:36]} d5 {[%emt 0:01:02]} 16. e5 {[%emt 0:00:48]} Qd7 {[%emt 0:01:04]} 17. Nc2 {[%emt 0:04:09]} Qf5 {[%emt 0:08:17]} 18. Bh4 {[%emt 0:24:10]} Rfe8 {[%emt 0:19:23]} 19. Ne3 {[%emt 0:06:44]} Qd3 {[%emt 0:08:09]} 20. Bh3 {[%emt 0:03:16]} Rc7 {[%emt 0:00:43]} 21. Qxd3 {[%emt 0:06:41]} Bxd3 {[%emt 0:00:03]} 22. Rac1 {[%emt 0:00:10]} Rb7 {[%emt 0:02:12]} 23. f5 {[%emt 0:06:18]} gxf5 {[%emt 0:02:49]} 24. Nxf5 {[%emt 0:03:03]} Bxf5 {[%emt 0:07:50]} 25. Bxf5 {[%emt 0:00:05]} Nxe5 {[%emt 0:02:34]} 26. Bxh7+ {[%emt 0:05:00]} Kxh7 {[%emt 0:00:02]} 27. dxe5 {[%emt 0:00:12]} Nf5 {[%emt 0:01:57]} 28. Bg5 {[%emt 0:03:41]} Rd7 {[%emt 0:02:06]} 29. Kf2 {[%emt 0:04:40]} d4 {[%emt 0:03:31]} 30. Re4 {[%emt 0:00:41]} d3 {[%emt 0:00:15]} 31. Rf4 {[%emt 0:01:40]} Nh6 {[%emt 0:05:32]} 32. Rh4 {[%emt 0:01:36]} Re6 {[%emt 0:08:01]} 33. Bd2 {[%emt 0:04:50]} f6 {[%emt 0:01:24]} 34. Rg1 {[%emt 0:01:33]} Bf8 {[%emt 0:00:17]} 35. Rg3 {[%emt 0:00:06]} Rc6 {[%emt 0:02:21]} 36. e6 {[%emt 0:02:21]} Rxe6 {[%emt 0:00:14]} 37. Rgh3 {[%emt 0:00:06]} Kg6 {[%emt 0:02:06]} 38. Bxh6 {[%emt 0:01:24]} Re2+ {[%emt 0:01:12]} 39. Kf1 {[%emt 0:00:01]} Rc7 {[%emt 0:00:41]} 40. Rg3+ {[%emt 0:03:44]} Kf7 {[%emt 0:00:01]} 41. Bf4 {[%emt 0:00:13]} Rcc2 {[%emt 0:00:40]} 42. Nd4 Rf2+ {[%emt 0:01:09]} 43. Kg1 {[%emt 0:00:40]} Rxf4 {[%emt 0:01:03]} 44. Rxf4 {[%emt 0:02:41]} d2 {[%emt 0:00:47]} 45. Rd3 {[%emt 0:00:45]} Bc5 {[%emt 0:01:10]} 46. b4 {[%emt 0:01:22]} Bxb4 {[%emt 0:00:02]} 47. Nxc2 {[%emt 0:00:11]} 1-0

[Event "6th Porticcio Open 2019"]
[Site "Porticcio"]
[Date "2019.07.05"]
[Round "8.7"]
[White "Sengupta, Deep"]
[Black "Sanchez, Louis"]
[Result "1/2-1/2"]
[WhiteElo "2559"]
[BlackElo "2316"]
[Annotator "ChessBase"]
[PlyCount "133"]
[EventDate "2019.06.23"]
[EventType "swiss"]
[EventCountry "FRA"]
[SourceTitle "playchess.com"]
[Source "ChessBase"]
[SourceQuality "1"]
[TimeControl "5400+30"]

1. d4 {[%emt 0:00:00]} d5 {[%emt 0:00:00]} 2. Bf4 {[%emt 0:00:00]} Nf6 {[%emt 0:00:00]} 3. e3 {[%emt 0:00:00]} e6 {[%emt 0:00:04]} 4. Nd2 {[%emt 0:00:03]} Bd6 {[%emt 0:00:12]} 5. Bg3 {[%emt 0:00:11]} O-O {[%emt 0:00:15]} 6. Ngf3 {[%emt 0:00:08]} c5 {[%emt 0:01:09]} 7. c3 {[%emt 0:00:05]} Qc7 {[%emt 0:00:36]} 8. dxc5 {[%emt 0:01:10]} Qxc5 {[%emt 0:00:55]} 9. Bd3 {[%emt 0:00:06]} Nbd7 {[%emt 0:01:25]} 10. Qc2 {[%emt 0:01:47]} h6 {[%emt 0:02:03]} 11. O-O-O {[%emt 0:07:23]} Bxg3 {[%emt 0:07:52]} 12. hxg3 {[%emt 0:00:06]} Qc7 {[%emt 0:00:03]} 13. e4 {[%emt 0:10:59]} dxe4 {[%emt 0:01:43]} 14. Nxe4 {[%emt 0:00:03]} Nxe4 {[%emt 0:02:08]} 15. Bxe4 {[%emt 0:00:02]} Nf6 {[%emt 0:04:10]} 16. Rhe1 {[%emt 0:03:58]} Bd7 {[%emt 0:12:23]} 17. Ne5 {[%emt 0:00:33]} Rfd8 {[%emt 0:01:10]} 18. f4 {[%emt 0:08:36]} Be8 {[%emt 0:02:26]} 19. Bf3 {[%emt 0:01:26]} Nd7 {[%emt 0:00:51]} 20. Nxd7 {[%emt 0:13:46]} Bxd7 {[%emt 0:01:41]} 21. Qf2 {[%emt 0:04:15]} Qa5 {[%emt 0:30:39]} 22. Kb1 {[%emt 0:00:59]} Bc6 {[%emt 0:03:30]} 23. Re5 {[%emt 0:10:23]} Qa4 {[%emt 0:03:11]} 24. b3 {[%emt 0:03:19]} Rxd1+ {[%emt 0:01:16]} 25. Bxd1 {[%emt 0:00:05]} Qa3 {[%emt 0:00:40]} 26. Bc2 {[%emt 0:04:44]} Rd8 {[%emt 0:05:55]} 27. Re1 {[%emt 0:01:48]} Qa5 {[%emt 0:02:01]} 28. Kb2 {[%emt 0:01:12]} Qb6 {[%emt 0:02:47]} 29. Qxb6 {[%emt 0:05:59]} axb6 {[%emt 0:00:01]} 30. Re2 {[%emt 0:00:01]} Kf8 {[%emt 0:00:24]} 31. a4 {[%emt 0:00:25]} Ke7 {[%emt 0:00:44]} 32. c4 {[%emt 0:01:12]} g5 {[%emt 0:02:52]} 33. f5 {[%emt 0:00:53]} Kf6 {[%emt 0:02:08]} 34. fxe6 {[%emt 0:01:47]} fxe6 {[%emt 0:00:02]} 35. b4 {[%emt 0:03:31]} Rd4 {[%emt 0:01:41]} 36. b5 {[%emt 0:00:08]} Bd7 {[%emt 0:00:19]} 37. Kc3 {[%emt 0:00:13]} e5 {[%emt 0:00:28]} 38. Rd2 {[%emt 0:04:04]} Rxd2 {[%emt 0:03:30]} 39. Kxd2 {[%emt 0:00:03]} Ke7 {[%emt 0:01:57]} 40. Kc3 {[%emt 0:00:05]} Kd6 {[%emt 0:00:13]} 41. Kb4 {[%emt 0:00:05]} Bc8 {[%emt 0:01:05]} 42. Be4 {[%emt 0:00:11]} h5 {[%emt 0:00:46]} 43. Bf3 {[%emt 0:01:58]} h4 {[%emt 0:00:24]} 44. gxh4 {[%emt 0:00:05]} gxh4 {[%emt 0:00:05]} 45. Be4 {[%emt 0:00:04]} Kc7 {[%emt 0:00:58]} 46. c5 {[%emt 0:01:08]} bxc5+ {[%emt 0:00:30]} 47. Kxc5 {[%emt 0:00:02]} b6+ {[%emt 0:00:11]} 48. Kd5 {[%emt 0:00:57]} h3 {[%emt 0:00:23]} 49. gxh3 {[%emt 0:00:11]} Bxh3 {[%emt 0:00:05]} 50. Kxe5 {[%emt 0:00:04]} Bf1 {[%emt 0:00:58]} 51. Bc2 {[%emt 0:00:22]} Be2 {[%emt 0:00:10]} 52. Kd5 {[%emt 0:00:04]} Bf1 {[%emt 0:00:10]} 53. Bd1 {[%emt 0:00:07]} Bd3 {[%emt 0:00:09]} 54. Kd4 {[%emt 0:00:03]} Bf1 {[%emt 0:00:19]} 55. Kc3 {[%emt 0:00:04]} Kd6 {[%emt 0:00:19]} 56. Kb4 {[%emt 0:00:03]} Kc7 {[%emt 0:00:15]} 57. Bf3 {[%emt 0:00:04]} Kd6 {[%emt 0:00:15]} 58. Be4 {[%emt 0:00:09]} Be2 {[%emt 0:00:10]} 59. Bc2 {[%emt 0:00:11]} Kc7 {[%emt 0:00:27]} 60. Bb3 {[%emt 0:00:06]} Bf1 {[%emt 0:00:16]} 61. Bc4 {[%emt 0:00:03]} Bg2 {[%emt 0:00:19]} 62. a5 {[%emt 0:00:04]} bxa5+ {[%emt 0:00:22]} 63. Kxa5 {[%emt 0:00:05]} Kb8 {[%emt 0:00:29]} 64. Kb6 {[%emt 0:00:06]} Be4 {[%emt 0:00:14]} 65. Be6 {[%emt 0:00:05]} Bd3 {[%emt 0:00:13]} 66. Kc5 {[%emt 0:00:03]} Bxb5 {[%emt 0:00:12]} 67. Kxb5 1/2-1/2

[Event "6th Porticcio Open 2019"]
[Site "Porticcio"]
[Date "2019.07.05"]
[Round "8.8"]
[White "Zhigalko, Sergei"]
[Black "Defromont, Benjamin"]
[Result "1-0"]
[WhiteElo "2594"]
[BlackElo "2218"]
[Annotator "ChessBase"]
[PlyCount "73"]
[EventDate "2019.06.23"]
[EventType "swiss"]
[EventCountry "FRA"]
[SourceTitle "playchess.com"]
[Source "ChessBase"]
[SourceQuality "1"]
[TimeControl "5400+30"]

1. e4 {[%emt 0:00:00]} e5 {[%emt 0:00:31]} 2. Nf3 {[%emt 0:00:00]} Nc6 {[%emt 0:00:06]} 3. Bb5 {[%emt 0:00:00]} a6 {[%emt 0:00:07]} 4. Ba4 {[%emt 0:00:00]} Nf6 {[%emt 0:00:06]} 5. O-O {[%emt 0:00:00]} Be7 {[%emt 0:00:06]} 6. Re1 {[%emt 0:00:00]} b5 {[%emt 0:00:09]} 7. Bb3 {[%emt 0:00:00]} d6 {[%emt 0:00:08]} 8. c3 {[%emt 0:00:00]} O-O {[%emt 0:00:10]} 9. h3 {[%emt 0:00:03]} Nb8 {[%emt 0:00:26]} 10. d4 {[%emt 0:00:19]} Nbd7 {[%emt 0:00:17]} 11. Nbd2 {[%emt 0:00:18]} Bb7 {[%emt 0:00:09]} 12. Bc2 {[%emt 0:00:24]} Re8 {[%emt 0:00:10]} 13. Nf1 {[%emt 0:01:28]} Bf8 {[%emt 0:00:19]} 14. Ng3 {[%emt 0:09:10]} exd4 {[%emt 0:00:48]} 15. cxd4 {[%emt 0:00:55]} c5 {[%emt 0:00:08]} 16. d5 {[%emt 0:03:39]} g6 17. b3 {[%emt 0:01:21]} Bg7 {[%emt 0:02:06]} 18. Bf4 {[%emt 0:09:41]} Nb6 {[%emt 0:04:13]} 19. Qd2 {[%emt 0:00:52]} a5 {[%emt 0:07:31]} 20. Bd3 {[%emt 0:01:48]} b4 {[%emt 0:18:53]} 21. Bb5 {[%emt 0:16:39]} Rf8 {[%emt 0:07:42]} 22. Rad1 {[%emt 0:01:59]} a4 {[%emt 0:06:54]} 23. Bc6 {[%emt 0:03:25]} Ra7 {[%emt 0:04:03]} 24. Qc1 {[%emt 0:00:10]} axb3 {[%emt 0:09:05]} 25. axb3 {[%emt 0:00:01]} Qb8 {[%emt 0:02:32]} 26. Bxd6 {[%emt 0:07:16]} Qxd6 {[%emt 0:02:21]} 27. e5 {[%emt 0:00:02]} Qc7 {[%emt 0:01:01]} 28. exf6 {[%emt 0:00:13]} Bxf6 {[%emt 0:00:10]} 29. Ne4 {[%emt 0:01:51]} Bg7 {[%emt 0:03:33]} 30. Qxc5 {[%emt 0:00:13]} Bxc6 {[%emt 0:03:50]} 31. dxc6 {[%emt 0:00:32]} Rc8 {[%emt 0:00:26]} 32. Qxb4 {[%emt 0:03:22]} Bf8 {[%emt 0:00:35]} 33. Nf6+ {[%emt 0:01:28]} Kh8 {[%emt 0:00:54]} 34. Qh4 {[%emt 0:00:13]} h6 {[%emt 0:00:12]} 35. Ne5 {[%emt 0:00:58]} Bg7 {[%emt 0:01:41]} 36. Rd7 {[%emt 0:00:59]} Nxd7 {[%emt 0:00:02]} 37. Nxf7# {[%emt 0:00:08]} 1-0

[Event "6th Porticcio Open 2019"]
[Site "Porticcio"]
[Date "2019.07.06"]
[Round "9.1"]
[White "Lagarde, Maxime"]
[Black "Prithu Gupta"]
[Result "1-0"]
[WhiteElo "2599"]
[BlackElo "2470"]
[Annotator "ChessBase"]
[PlyCount "141"]
[EventDate "2019.06.23"]
[EventType "swiss"]
[EventCountry "FRA"]
[SourceTitle "playchess.com"]
[Source "ChessBase"]
[SourceQuality "1"]
[TimeControl "5400+30"]

1. c4 {[%emt 0:03:08]} e5 {[%emt 0:00:00]} 2. g3 {[%emt 0:00:20]} c6 {[%emt 0:00:00]} 3. Nf3 {[%emt 0:00:03]} e4 {[%emt 0:00:00]} 4. Nd4 {[%emt 0:00:03]} d5 {[%emt 0:00:00]} 5. cxd5 {[%emt 0:00:21]} Qxd5 {[%emt 0:00:00]} 6. Nc2 {[%emt 0:00:04]} Nf6 {[%emt 0:00:00]} 7. Nc3 {[%emt 0:00:39]} Qe5 {[%emt 0:00:05]} 8. Bg2 {[%emt 0:00:06]} Na6 {[%emt 0:00:02]} 9. O-O {[%emt 0:00:23]} Be7 {[%emt 0:01:06]} 10. f3 {[%emt 0:08:07]} exf3 {[%emt 0:01:44]} 11. Bxf3 {[%emt 0:01:33]} Bg4 {[%emt 0:06:53]} 12. d4 {[%emt 0:03:23]} Qh5 {[%emt 0:00:13]} 13. e4 {[%emt 0:02:08]} Rd8 {[%emt 0:03:29]} 14. Qe2 {[%emt 0:09:29]} O-O {[%emt 0:04:12]} 15. Bxg4 {[%emt 0:03:52]} Qxg4 {[%emt 0:00:18]} 16. Qg2 {[%emt 0:01:07]} Qd7 {[%emt 0:02:33]} 17. Bg5 {[%emt 0:17:40]} Nb4 {[%emt 0:07:00]} 18. Rad1 {[%emt 0:02:12]} Ng4 {[%emt 0:04:12]} 19. Bf4 {[%emt 0:05:59]} Nxc2 {[%emt 0:04:13]} 20. Qxc2 {[%emt 0:00:03]} c5 {[%emt 0:00:18]} 21. Nd5 {[%emt 0:04:24]} cxd4 {[%emt 0:02:09]} 22. Rxd4 {[%emt 0:00:53]} Rc8 {[%emt 0:00:21]} 23. Nxe7+ {[%emt 0:00:49]} Qxe7 {[%emt 0:00:09]} 24. Qd2 {[%emt 0:01:19]} Ne5 {[%emt 0:03:09]} 25. Rd5 {[%emt 0:00:41]} f6 {[%emt 0:04:59]} 26. Bxe5 {[%emt 0:04:02]} fxe5 {[%emt 0:00:04]} 27. Rxf8+ {[%emt 0:00:22]} Rxf8 {[%emt 0:00:09]} 28. Kg2 {[%emt 0:02:12]} Qf6 {[%emt 0:00:54]} 29. Qe2 {[%emt 0:00:06]} Qe6 {[%emt 0:00:45]} 30. Qb5 {[%emt 0:01:59]} Qh6 {[%emt 0:10:33]} 31. Rxe5 {[%emt 0:05:00]} Qd2+ {[%emt 0:00:40]} 32. Kh3 {[%emt 0:00:06]} Qh6+ {[%emt 0:01:24]} 33. Rh5 {[%emt 0:01:17]} Qe6+ {[%emt 0:00:15]} 34. Rf5 {[%emt 0:00:12]} Qh6+ {[%emt 0:02:42]} 35. Kg4 {[%emt 0:02:49]} Qg6+ {[%emt 0:01:28]} 36. Kf3 {[%emt 0:00:25]} Qh5+ {[%emt 0:00:10]} 37. Kg2 {[%emt 0:00:29]} Rxf5 {[%emt 0:00:28]} 38. exf5 {[%emt 0:01:56]} h6 {[%emt 0:01:08]} 39. Qc4+ {[%emt 0:03:04]} Kh8 {[%emt 0:00:21]} 40. f6 {[%emt 0:00:55]} gxf6 {[%emt 0:01:02]} 41. Qc8+ {[%emt 0:00:06]} Kg7 {[%emt 0:00:10]} 42. Qxb7+ {[%emt 0:00:04]} Kg6 {[%emt 0:00:18]} 43. Qe4+ {[%emt 0:00:12]} Kf7 {[%emt 0:00:37]} 44. Qc4+ {[%emt 0:02:08]} Kg7 {[%emt 0:00:14]} 45. b4 {[%emt 0:00:24]} Qd1 {[%emt 0:00:51]} 46. b5 {[%emt 0:01:35]} h5 {[%emt 0:00:36]} 47. a4 {[%emt 0:01:39]} Qd2+ {[%emt 0:07:46]} 48. Kh3 {[%emt 0:00:10]} Qd7+ {[%emt 0:00:11]} 49. g4 {[%emt 0:00:51]} Qd1 {[%emt 0:00:05]} 50. Qf4 {[%emt 0:00:40]} Qb3+ {[%emt 0:04:54]} 51. Kh4 {[%emt 0:04:28]} hxg4 {[%emt 0:00:08]} 52. Qxg4+ {[%emt 0:00:12]} Kf7 {[%emt 0:01:49]} 53. Qd4 {[%emt 0:00:55]} Kg6 {[%emt 0:00:31]} 54. Qe4+ {[%emt 0:01:58]} Kg7 {[%emt 0:00:28]} 55. Kg4 {[%emt 0:01:37]} Qd1+ {[%emt 0:00:11]} 56. Kg3 {[%emt 0:02:20]} Qd6+ {[%emt 0:01:34]} 57. Kh3 {[%emt 0:02:44]} Qc5 {[%emt 0:00:12]} 58. Kg2 {[%emt 0:00:16]} Qa3 {[%emt 0:01:40]} 59. h4 {[%emt 0:00:15]} Qb2+ {[%emt 0:00:34]} 60. Kf3 {[%emt 0:00:36]} Qc3+ {[%emt 0:02:00]} 61. Qe3 {[%emt 0:00:15]} Qa5 {[%emt 0:00:04]} 62. Qd4 {[%emt 0:00:46]} Kg6 {[%emt 0:00:25]} 63. Qe4+ {[%emt 0:01:10]} f5 {[%emt 0:01:03]} 64. Qe6+ {[%emt 0:00:37]} Kg7 {[%emt 0:00:06]} 65. Qe7+ {[%emt 0:00:09]} Kg8 {[%emt 0:00:25]} 66. Qg5+ {[%emt 0:00:37]} Kh8 {[%emt 0:00:10]} 67. Qf6+ {[%emt 0:00:06]} Kg8 {[%emt 0:00:05]} 68. Qxf5 {[%emt 0:00:21]} Qc3+ {[%emt 0:00:22]} 69. Kg4 {[%emt 0:00:12]} Qc4+ {[%emt 0:00:19]} 70. Kg5 {[%emt 0:00:39]} Qxa4 {[%emt 0:00:24]} 71. Qg4 {[%emt 0:02:01]} 1-0